00000000nam##2200000za#4500
0019.648185
003CaOODSP
00520210615112952
007ta
008150407|2001||||xxc|||||     f|0| 0 eng|d
020 |a0-662-30526-4
040 |aCaOODSP|beng
043 |an-cn---
0861 |aV32-88/2001E
1101 |aCanada. |bVeterans Affairs Canada.
24510|aJason and the homefront / |cby Shelley Fiset; illustrated by Renate Fournier-Sullivan.
260 |aOttawa - Ontario : |bVeterans Affairs Canada |c2001.
300 |a23p. : |bcoloured illus. ; |c28 cm.
5203 |aThis story by Shelly Fiset aims to help children understand the importance of the wartime service of earlier generations of Canadians. Illustrated by Renate Fournier Sullivan, the story is about a boy named Jason, who learns from his grandmother about Canadians supporting war efforts on the "homefront". She also tells Jason about the contributions of women to the war effort, both at home and abroad. The story was written to help commemorate Veterans' Week, during November 2001, and has been read to more than 100,000 children at public readings.
563 |aSoftcover
590 |a02-33|b2002-08-16
69007|aVeterans|2gcpds
69007|aWar|2gcpds
77508|tJason et l'effort de guerre / |w(CaOODSP)9.681564